| 000 | 00390nam a22001457a 4500 | ||
|---|---|---|---|
| 020 | _qHB. | ||
| 040 | _cFIZZA ISHAQ | ||
| 082 |
_a627.23 _bSTU |
||
| 100 |
_a Sturm, Terry W. _9110193 |
||
| 245 |
_aOpen Channel Hydraulics / _cTerry W. Sturm. |
||
| 250 | _a2ND ED. | ||
| 260 |
_aNEW YORK: _b McGraw-Hill Education, _c2010. |
||
| 300 |
_a546 P. ; _c 6.5 x 1 x 9.2 inches |
||
| 942 |
_2ddc _cBK |
||
| 999 |
_c615662 _d615662 |
||